Оптические свойства пленок GAAS, осажденных импульсной ионной абляцией; Поверхность. Рентгеновские, синхротронные и нейтронные исследования; № 3
| Parent link: | Поверхность. Рентгеновские, синхротронные и нейтронные исследования.— , 1995- № 3.— 2011.— [С. 27-34] |
|---|---|
| Glavni autor: | |
| Daljnji autori: | , |
| Sažetak: | Заглавие с экрана Оптическое отражение и поглощение пленок арсенида галлия, осажденных на поликристаллический корунд, кварцевое стекло и медную фольгу из абляционной плазмы, формируемой мощным ионным пучком, исследовано в интервале энергии 1.1–6.2 эВ. Экспоненциальное и межзонное поглощение материала пленок обусловлено дефектами кристаллической решетки GaAs и сложным составом пленок, в котором преобладают нанокристаллические включения в аморфную фазу. Оптимальными для применения в оптоэлектронике и солнечной фотоэнергетике свойствами обладают пленки, осажденные на поликоре в центре плазменного факела с использованием низкоомной мишени. Термообработка в вакууме при 300–850 К меняет оптические свойства пленок вследствие отжига дефектов и изменения структурно-фазового состава материала. Режим доступа: по договору с организацией-держателем ресурса |
| Jezik: | ruski |
| Izdano: |
2011
|
| Teme: | |
| Online pristup: | http://elibrary.ru/item.asp?id=15639163 |
| Format: | Elektronički Poglavlje knjige |
| KOHA link: | https://koha.lib.tpu.ru/cgi-bin/koha/opac-detail.pl?biblionumber=637360 |
MARC
| LEADER | 00000nla0a2200000 4500 | ||
|---|---|---|---|
| 001 | 637360 | ||
| 005 | 20250418103923.0 | ||
| 035 | |a (RuTPU)RU\TPU\network\1477 | ||
| 035 | |a RU\TPU\network\1476 | ||
| 090 | |a 637360 | ||
| 100 | |a 20140902d2011 k||y0rusy50 ca | ||
| 101 | 0 | |a rus | |
| 102 | |a RU | ||
| 135 | |a drcn ---uucaa | ||
| 181 | 0 | |a i | |
| 182 | 0 | |a b | |
| 200 | 1 | |a Оптические свойства пленок GAAS, осажденных импульсной ионной абляцией |f А. В. Кабышев, Ф. В. Конусов, Г. Е. Ремнев | |
| 203 | |a Текст |c электронный | ||
| 300 | |a Заглавие с экрана | ||
| 320 | |a [Библиогр.: с. 34 (35 назв.)] | ||
| 330 | |a Оптическое отражение и поглощение пленок арсенида галлия, осажденных на поликристаллический корунд, кварцевое стекло и медную фольгу из абляционной плазмы, формируемой мощным ионным пучком, исследовано в интервале энергии 1.1–6.2 эВ. Экспоненциальное и межзонное поглощение материала пленок обусловлено дефектами кристаллической решетки GaAs и сложным составом пленок, в котором преобладают нанокристаллические включения в аморфную фазу. Оптимальными для применения в оптоэлектронике и солнечной фотоэнергетике свойствами обладают пленки, осажденные на поликоре в центре плазменного факела с использованием низкоомной мишени. Термообработка в вакууме при 300–850 К меняет оптические свойства пленок вследствие отжига дефектов и изменения структурно-фазового состава материала. | ||
| 333 | |a Режим доступа: по договору с организацией-держателем ресурса | ||
| 461 | |t Поверхность. Рентгеновские, синхротронные и нейтронные исследования |d 1995- | ||
| 463 | |t № 3 |v [С. 27-34] |d 2011 | ||
| 610 | 1 | |a электронный ресурс | |
| 610 | 1 | |a труды учёных ТПУ | |
| 610 | 1 | |a оптические свойства | |
| 610 | 1 | |a GaAs | |
| 610 | 1 | |a пленки | |
| 610 | 1 | |a абляция | |
| 700 | 1 | |a Кабышев |b А. В. |c специалист в области электроэнергетики |c профессор Томского политехнического университета, доктор физико-математических наук |f 1958- |g Александр Васильевич |3 (RuTPU)RU\TPU\pers\27068 | |
| 701 | 1 | |a Конусов |b Ф. В. |c физик |c ведущий инженер Томского политехнического университета, кандидат физико-математических наук |f 1958- |g Федор Валерьевич |3 (RuTPU)RU\TPU\pers\30120 |9 14526 | |
| 701 | 1 | |a Ремнев |b Г. Е. |c физик |c профессор Томского политехнического университета, доктор технических наук |f 1948- |g Геннадий Ефимович |3 (RuTPU)RU\TPU\pers\22004 | |
| 801 | 2 | |a RU |b 63413507 |c 20160420 |g RCR | |
| 850 | |a 63413507 | ||
| 856 | 4 | |u http://elibrary.ru/item.asp?id=15639163 | |
| 942 | |c CF | ||